Guía para la cría y manejo de la abeja angelita o virginita : (Registro nro. 4225)

Detalles MARC
000 -CABECERA
Campo de control 01075cam a2200289 i 4500
005 - FECHA Y HORA DE LA ULTIMA TRANSACCION
Campo de control 20200104041548.0
008 - ELEMENTOS DE LONGITUD FIJA—INFORMACION GENERAL
Campo de control 010813s2001 ck a r 00010 spa d
015 ## - NATIONAL BIBLIOGRAPHY NUMBER
National bibliography number ck-2001-xxxx
020 ## - ISBN
ISBN 9586980324
040 ## - FUENTE DE CATALOGACIÓN
Agencia catalogadora original la
Agencia transcriptora la
Agencia Modificadora CO-BoIAVH
041 0# - IDIOMA
Código de idioma para texto/pista de sonido o título separado Español
044 ## - PAÍS DE PUBLICACIÓN
País de publicación Colombia
082 04 - NUMERO DE CLASIFICACION DECIMAL DEWEY
Número de clasificación 638.1
Número del ítem N27g
100 1# - ASIENTO PRINCIPAL--NOMBRE PERSONAL
Nombre personal Nates Parra, Guiomar
9 (RLIN) 5315
245 10 - MENCION DE TITULO
Título Guía para la cría y manejo de la abeja angelita o virginita :
Parte restante del título tetragonisca angustula illiger /
Mención de responsabilidad Guiomar Nates Parra ; editado por Henry Yesid Bernal y Claudia Vallejo Londoño
260 ## - PUBLICACION, DISTRIBUCION, ETC. (PIE DE IMPRENTA)
Lugar de publicación, distribución, etc. Bogotá :
Nombre del editor, distribuidor, etc. Convenio Andrés Bello,
Fecha de publicación, distribución, etc. 2001.
300 ## - DESCRIPCION FISICA
Extensión 43 páginas :
Otros detalles físicos ilustraciones ;
Dimensiones 27 cm.
490 00 - MENCION DE SERIE
Mención de serie Serie ciencia y tecnología ;
Designación numérica/secuencial del volumen 84
504 ## - NOTA DE BIBLIOGRAFIA, ETC.
Nota de bibliografía Incluye referencias bibliográficas (p. 29-30).
650 16 - ASIENTO SECUNDARIO DE MATERIA - TERMINO TEMATICO
Término temático o nombre geográfico como elemento de entrada Tretragonisca angustula
Subdivisión general Cría y desarrollo.
9 (RLIN) 60710
650 24 - ASIENTO SECUNDARIO DE MATERIA - TERMINO TEMATICO
Término temático o nombre geográfico como elemento de entrada Apicultura.
9 (RLIN) 206
650 24 - ASIENTO SECUNDARIO DE MATERIA - TERMINO TEMATICO
Término temático o nombre geográfico como elemento de entrada Cría de insectos.
9 (RLIN) 60708
700 1# - ASIENTO SECUNDARIO - NOMBRE PERSONAL
Nombre personal Bernal, Henry Yesid,
Término de relación editor.
9 (RLIN) 2123
700 1# - ASIENTO SECUNDARIO - NOMBRE PERSONAL
Nombre personal Vallejo Londoño, Claudia,
Término de relación editora.
9 (RLIN) 21941
942 ## - ELEMENTOS ADICIONALES (KOHA)
Sistema de clasificación Dewey Decimal Classification
Tipo de ítem Libro
949 ## - LOCAL PROCESSING INFORMATION (OCLC)
a n
b n
Existencias
Withdrawn status Lost status Sistema de Clasificación Damaged status No para préstamo Colección Inventariado Ubicación Permanente Ubicación actual Fecha de adquisición Fuente de Valor Valor Total Checkouts Número topográfico Inventario / Código de Barras Date last seen Ejemplar Price effective from Forma de adquisición Tipo de material
    Dewey Decimal Classification     General Inventariado 2017 Bogotá Bogotá 15/10/2004 Instituto 39000.00   LB-638.1 N27g 002224 04/12/2012 Ej. 1 04/12/2012   Libro
    Dewey Decimal Classification     General Inventariado 2017 Sala Fabio Quevedo Sala Fabio Quevedo 15/10/2004 Instituto 39000.00   LB-638.1 N27g 004849 04/12/2012 Ej. 1 04/12/2012 Donación Libro